000 01436nam a2200253Ia 4500
003 IT-RoPAU
005 20220918175746.0
008 120407s9999 xx 000 0 und d
040 _aIT-RoPAU
_c20130205095605.0
040 _cIT-RoPAU
041 _aita
100 _aChiesa Francesco
_9356
100 _ccan.
_9357
245 _aLa stella della pace.
_bBrevi spiegazioni popolari dei quattro documenti del Pontefice Pio XII sulla pace
250 _aI
260 _aAlba
_bPSSP per l'apostolato stampa
_c1943
260 _c1943
300 _a206 p.
300 _c18 cm
490 _vI
520 _aIndice Parte prima I cinque presupposti della pace Il fatto della guerra Le cause della guerra Rimedio Termine del messaggio Parte seconda Pacificazione e ordine interno delle nazioni Senso del Messaggio natalizio Ordine sociale Convivenza nella tranquillità La grande crociata Parte terza Le cinque vittorie Vittorie e presupposti Ordine nuovo Le cause dell'aspirazione all'ordine nuovo Atteggiamento della Chiesa di fronte all'ordine nuovo Erudimini qui judicatis terram Effetti dell'ascoltare la parola del papa I.a Vittoria : Sull'odio II.a Vittoria : Sulla sfiducia internazionale III.a Vittoria : Sul principio dell'utilitarismo e della forza IV.a Vittoria : Sulle divergenze economiche V.a Vittoria : Sullo spirito di egoismo Preghiamo Avvertimento
942 _cBK
_2ddc
999 _c28623
_d28623